00369nam a2200145Ia 4500008004100000041000800041082001700049100001700066245003200083260002400115300000800139365001600147500004300163700001700206230718s9999 xx 000 0 und d aeng a330.954bAGR aAgrawal K.C. aShaping India Of Our Dreams c2003bCrusade India a395 cRs.b250.00 aDONETED BY CCOEW PRINCIPAL DR WARNEKAR aAgrawal K.C.